000 01205cam a22004097a 4500
001 001509
003 armpunfd
005 20140612090642.0
008 040819e0####xx#a##########000#0#und#d
040 _aarmpunfd
_carmpunfd
080 _a347.44 B 818
100 1 0 _a Borda, Guillermo A.
245 1 0 _aManual de contratos
260 _a Uenos Aires : Abeledo Perrot
_b2004. 20 Ed. Isbn : 950-20-1575-4 887 P.
650 7 _a Aparcerias Rurales
_2LEMB
650 7 _a Comodato
_2LEMB
650 7 _a Compraventa
_2LEMB
650 7 _a Contrato De Obra
_2LEMB
650 7 _a Contrato De Trabajo
_2LEMB
650 7 _a Contratos Aleatorios
_2LEMB
650 7 _a Donacion
_2LEMB
650 7 _a Efectos De Los Contratos
_2LEMB
650 7 _a Eviccion
_2LEMB
650 7 _a Fianza
_2LEMB
650 7 _a Fideicomiso
_2LEMB
650 7 _a Locacion De Obra
_2LEMB
650 7 _a Mandato
_2LEMB
650 7 _a Permuta
_2LEMB
650 7 _a Prestamos
_2LEMB
942 _cLB
_2cdu
945 _aCatalis
_d2010-08-19
945 _aCatalis
_d2010-08-19
945 _aCatalis
_d2010-08-19
945 _aCatalis
_d2010-08-19
945 _aCatalis
_d2010-08-19
945 _aCatalis
_d2010-08-19
999 _c1500
_d232004